[Event "WSTCC-50 2020"]
[Site "Prague"]
[Date "2020.03.06"]
[Round "1.11"]
[White "Langner, Ladislav"]
[Black "Thurstan, Tim M"]
[Result "1-0"]
[WhiteElo "2377"]
[BlackElo "1987"]
[Annotator "TA"]
[PlyCount "121"]
[EventDate "2020.03.06"]
[EventType "team-tourn"]
[EventCountry "CZE"]
[SourceTitle "playchess.com"]
[Source "ChessBase"]
[SourceQuality "1"]

{[%evp 11,121,6,19,0,0,0,0,0,4,0,2,0,8,4,4,-9,14,7,30,25,31,31,23,24,22,22,33,22,75,79,94,66,129,107,148,133,191,202,178,87,77,91,80,58,91,40,46,22,29,29,155,149,157,158,162,150,160,86,93,80,74,79,75,0,0,0,83,87,77,82,178,145,116,106,227,204,260,260,520,520,452,437,464,464,458,458,420,362,727,710,649,624,805,757,793,797,1149,1070,894,809,757,737,8011,8222,29959,5795,29962,6111,5620,5620,29985,29986]} 1. e4 e6 2. d4 d5 3. e5 c5 4. c3 Qb6 5. Nf3 Bd7 6. a3 a5 {was the old line (6...Bb5).} 7. Bd3 {C02: French: Advance Variation.} a4 8. Nbd2 Nc6 {[%cal Rc5d4]} 9. dxc5 {The position is equal.} Bxc5 10. O-O Nge7 11. c4 {[#]} Ng6 $146 ({Predecessor:} 11... d4 12. Ne4 Ng6 13. Nxc5 Qxc5 14. Bxg6 hxg6 15. Re1 Qxc4 16. Re4 Qc5 17. Bf4 Qb5 {1-0 (27) Gribben,C (1579)-MacLeod,A (1397) London 2017}) 12. b4 axb3 13. cxd5 exd5 {And now ...b2 would win.} 14. Nxb3 Be7 (14... Ngxe5 15. Nxe5 Nxe5 16. Bb2 $14) 15. Be3 Qc7 16. Bxg6 hxg6 17. Qxd5 Be6 18. Qb5 O-O 19. Bb6 Qb8 (19... Na7 $11 20. Bxa7 (20. Bxc7 $2 {is the wrong capture.} Nxb5 21. Ba5 Bxb3 $19) 20... Rxa7) 20. Nbd4 $36 {[%mdl 2048] Black is under strong pressure.} Bg4 21. a4 Bd8 (21... Bd7 $1 $14) 22. Bc5 Ra5 23. Qc4 Re8 (23... Bxf3 $16 24. Nxf3 (24. Bxf8 Nxe5 25. Qc3 Bxg2 $16) 24... Re8) 24. Nxc6 $18 bxc6 25. Bd6 (25. Bb4 $18 {has better winning chances.} Bxf3 26. Bxa5 Bxa5 27. Rab1 (27. gxf3 Rxe5 28. h4 Qd6 $16) 27... Qxe5 28. gxf3) 25... Qc8 $16 26. Nd4 c5 27. Nb5 Be6 28. Qe4 (28. Qxc5 $16 Qxc5 29. Bxc5) 28... Bb6 $14 29. Rfc1 Qa8 30. Qf4 Qc6 {[#]} (30... g5 $11 31. Qxg5 Rxa4 32. Rxa4 Qxa4) 31. Nd4 $1 $16 {[%cal Rd4c6][%mdl 576] Pin} Qd5 (31... cxd4 32. Rxc6) 32. Nxe6 Qxe6 33. Rab1 Ra6 34. Bxc5 ({White should try} 34. h3) 34... Bc7 35. Qc4 Qxc4 36. Rxc4 Bxe5 37. Bb6 (37. Bd4 $16) 37... Rb8 $1 $11 {[%cal Rb8b6]} 38. f4 {Strongly threatening a5.} Raxb6 (38... Bd6 $11 {keeps the balance.} 39. a5 Rxa5 40. Bxa5 Rxb1+ 41. Kf2 g5) 39. Rxb6 $16 Rxb6 40. fxe5 $11 {[%mdl 4096] Endgame KR-KR} Re6 (40... Ra6 $16) 41. Rc8+ Kh7 {[#]} 42. Rc5 $1 f6 {Loses the game.} (42... Rb6 $16 {was necessary.} 43. Rb5 Rc6) 43. Kf2 $18 fxe5 44. Ke3 Rb6 $2 (44... g5 {was worth a try.} 45. a5 Kg6) 45. Rxe5 Rb3+ 46. Kf2 Ra3 47. a5 Kg8 48. Rg5 Kf7 49. Ke2 Kf6 $2 (49... Ra4 50. Kd3 Kf6) 50. h4 Ra4 51. g3 Rd4 52. Ke3 Rd1 53. Ke4 Ra1 54. Kd4 Ra4+ 55. Kc3 Re4 56. Kb3 Rd4 57. a6 Rd3+ 58. Kb4 Rd4+ 59. Kb5 Rd3 60. a7 Rb3+ 61. Ka6 {Accuracy: White = 85%, Black = 41%.} 1-0

[Event "WSTCC-50 2020"]
[Site "Prague"]
[Date "2020.03.06"]
[Round "1.12"]
[White "Lawrence, Paul"]
[Black "Konopka, Michal"]
[Result "0-1"]
[WhiteElo "1894"]
[BlackElo "2353"]
[Annotator "ChessBase"]
[PlyCount "78"]
[EventDate "2020.03.06"]
[EventType "team-tourn"]
[EventCountry "CZE"]
[SourceTitle "playchess.com"]
[Source "ChessBase"]
[SourceQuality "1"]
[TimeControl "40/5400+30:1800+30"]

1. c4 {[%emt 0:00:00]} Nf6 {[%emt 0:00:52]} 2. Nc3 {[%emt 0:00:00]} g6 {[%emt 0:04:18]} 3. d4 {[%emt 0:01:25]} d5 {[%emt 0:00:15]} 4. cxd5 {[%emt 0:03:43]} Nxd5 {[%emt 0:02:59]} 5. Nf3 {[%emt 0:04:56]} Bg7 {[%emt 0:00:12]} 6. e4 {[%emt 0:05:58]} Nxc3 {[%emt 0:06:49]} 7. bxc3 {[%emt 0:00:07]} c5 {[%emt 0:00:31]} 8. Bb5+ {[%emt 0:06:12]} Nc6 {[%emt 0:06:29]} 9. O-O {[%emt 0:05:19]} O-O {[%emt 0:03:22]} 10. Bxc6 {[%emt 0:09:29]} bxc6 {[%emt 0:00:24]} 11. h3 {[%emt 0:01:46]} Qa5 {[%emt 0:14:47]} 12. Be3 {[%emt 0:09:28]} Rd8 {[%emt 0:02:19]} 13. Qc2 {[%emt 0:07:59]} cxd4 {[%emt 0:08:43]} 14. cxd4 {[%emt 0:00:37]} Qh5 {[%emt 0:00:17]} 15. Ne5 {[%emt 0:12:58]} Bxe5 {[%emt 0:05:32]} 16. dxe5 {[%emt 0:00:17]} Qxe5 {[%emt 0:00:28]} 17. Qxc6 {[%emt 0:01:31]} Bd7 {[%emt 0:00:33]} 18. Qb7 {[%emt 0:09:00]} Bb5 {[%emt 0:11:50]} 19. Rfd1 {[%emt 0:02:16]} a6 {[%emt 0:00:23]} 20. Rac1 {[%emt 0:03:58]} Rab8 {[%emt 0:10:54]} 21. Rxd8+ {[%emt 0:04:31]} Rxd8 {[%emt 0:00:08]} 22. Qb6 {[%emt 0:01:03]} Qd6 {[%emt 0:09:49]} 23. Qxd6 {[%emt 0:01:30]} Rxd6 {[%emt 0:01:28]} 24. Bh6 {[%emt 0:01:02]} f6 {[%emt 0:02:50]} 25. Rc8+ {[%emt 0:02:10]} Kf7 {[%emt 0:00:07]} 26. f4 {[%emt 0:02:22]} Rd4 {[%emt 0:02:12]} 27. f5 {[%emt 0:00:41]} Be8 {[%emt 0:00:06]} 28. Ra8 {[%emt 0:00:35]} Rxe4 {[%emt 0:01:44]} 29. fxg6+ {[%emt 0:00:12]} Kxg6 {[%emt 0:00:22]} 30. Rxe8 {[%emt 0:01:12]} Kxh6 {[%emt 0:00:08]} 31. Ra8 {[%emt 0:00:04]} Ra4 {[%emt 0:00:18]} 32. Re8 {[%emt 0:01:07]} e5 {[%emt 0:00:18]} 33. Re6 {[%emt 0:00:13]} Kg6 {[%emt 0:00:15]} 34. h4 {[%emt 0:01:10]} Rxa2 {[%emt 0:01:47]} 35. g4 {[%emt 0:00:28]} h6 {[%emt 0:01:03]} 36. Re8 {[%emt 0:00:14]} Ra4 {[%emt 0:00:25]} 37. h5+ {[%emt 0:01:26]} Kf7 {[%emt 0:00:26]} 38. Rh8 {[%emt 0:00:24]} Rxg4+ {[%emt 0:00:11]} 39. Kf2 {[%emt 0:00:04]} Rg5 {[%emt 0:01:03]} 0-1

[Event "WSTCC-50 2020"]
[Site "Prague"]
[Date "2020.03.06"]
[Round "1.13"]
[White "Jahn, Constanze"]
[Black "Arkell, Keith C"]
[Result "0-1"]
[WhiteElo "2048"]
[BlackElo "2447"]
[Annotator "TA"]
[PlyCount "140"]
[EventDate "2020.03.06"]
[EventType "team-tourn"]
[EventCountry "CZE"]
[SourceTitle "playchess.com"]
[Source "ChessBase"]
[SourceQuality "1"]

{[%evp 11,140,23,48,33,34,35,49,46,46,27,40,37,52,39,42,39,41,33,37,27,32,31,39,24,25,-27,-27,-63,-22,-21,-9,-69,-70,-71,-75,-83,-54,-73,-74,-85,-55,-51,-45,-124,-84,-84,-83,-118,-99,-111,-101,-138,-141,-132,-137,-143,-125,-156,-152,-156,-154,-157,-156,-147,-141,-207,-184,-200,-197,-351,-344,-366,-341,-320,-353,-345,-330,-372,-341,-329,-250,-260,-228,-425,-232,-233,-208,-355,-362,-325,-325,-342,-281,-540,-480,-742,-738,-714,-700,-656,-669,-2265,-2287,-1583,-1708,-2058,-1613,-2097,-1988,-1603,-1439,-5216,-4909,-5081,-4698,-1595,-758,-29967,-29972,-12793,-2185,-29983,-29982,-29990,-29991,-29994,-29995,-29995,-29996,-29996,-29997]} 1. e4 c6 2. d4 d5 3. Nd2 dxe4 4. Nxe4 Nd7 5. Ng5 Ngf6 6. Bd3 Nb6 7. N1f3 {Ne5 is the strong threat. B17: Caro-Kann: Modern Line (4...Nd7).} h6 8. Ne4 Nxe4 9. Bxe4 {White is slightly better.} Bg4 10. h3 Bxf3 11. Bxf3 g6 12. O-O Bg7 13. c3 O-O 14. Bf4 Nd5 {[#]} 15. Bd2 $146 ({Predecessor:} 15. Bg3 e6 16. Re1 Qd7 17. Qc2 Rfd8 18. Rad1 Rac8 19. Qb3 b5 20. Be5 Nb6 21. Bxg7 Kxg7 {0-1 (73) Artola Pola,G (1987)-Arkell,K (2438) Dublin 2017}) 15... e6 16. Qb3 Qc7 17. Rac1 Rfd8 18. c4 (18. a4 $142) 18... Ne7 $11 19. d5 exd5 20. cxd5 Qb6 21. Qa4 (21. Qxb6 $11 axb6 22. dxc6 Rxd2 23. cxb7) 21... Nxd5 $15 ({Don't blunder} 21... Bxb2 $2 22. Rb1 $18) 22. b3 {Black should prevent Ba5.} a5 23. Qh4 h5 24. Bg5 Re8 25. Rfd1 Re5 26. Bxd5 Rxd5 27. Be3 (27. Rxd5 $15 cxd5 28. Qa4) 27... Qd8 28. Qxd8+ Raxd8 29. Re1 R8d7 30. g3 Bd4 31. Kg2 Bxe3 32. Rxe3 $17 {[%mdl 4096] Endgame KRR-KRR} Rd2 33. a4 R7d3 34. Rc3 Rxc3 35. Rxc3 {KR-KR} Kf8 36. Re3 Rd4 37. Kf3 f6 38. h4 (38. Ke2 $17) 38... Kf7 39. Kg2 c5 40. Kh3 $2 {[#]} (40. Kf3) 40... b6 41. Rc3 Rb4 42. f3 g5 43. hxg5 fxg5 44. Rd3 Ke6 45. Kg2 Ke5 46. Kf2 {[#]} c4 $1 47. Re3+ $2 (47. bxc4 Rxc4 48. Ra3) 47... Kf5 (47... Kd4 $142 48. Re4+ Kd5 49. bxc4+ Rxc4) 48. bxc4 $19 Rxc4 49. Rb3 (49. Ra3 $142) 49... Rb4 ({Less strong is} 49... Rxa4 50. Rb5+ Kf6 51. Rxb6+ Ke7 52. Rh6 $17) 50. Rd3 Ke5 ({Not} 50... Rxa4 51. Rd5+ Kg6 52. Rd6+ Kf5 53. Rd5+ Kf6 54. Rd6+ Kf5 55. Rd5+ $17) 51. Re3+ Kd5 52. Re8 $2 (52. Ra3) 52... Rxa4 53. Rg8 (53. Rd8+ $142 Kc4 54. f4 Ra2+ 55. Kf3 g4+ 56. Ke4) 53... g4 54. Rg5+ Kc6 55. Rxh5 Ra2+ 56. Kf1 gxf3 57. Rf5 a4 58. Rxf3 Rd2 59. Ke1 Rd4 60. Ke2 b5 61. Rc3+ Rc4 62. Ra3 Kc5 63. Ra1 Rc3 (63... Kb4 $142 64. Rb1+ Ka5) 64. Rg1 a3 {[%cal Ba4a3,Ba3a2][%mdl 32]} 65. Kd2 Rf3 (65... Kc4 $142 66. g4 a2) 66. Kc2 b4 {[%cal Bb5b4,Bb4b3][%mdl 32] Black mates.} 67. Kb1 b3 68. g4 a2+ 69. Kb2 Kb4 70. g5 Rf2+ {Accuracy: White = 49%, Black = 79%.} 0-1

[Event "WSTCC-50 2020"]
[Site "Prague"]
[Date "2020.03.06"]
[Round "1.14"]
[White "Hebden, Mark L"]
[Black "Mai, Iris"]
[Result "1-0"]
[WhiteElo "2444"]
[BlackElo "2035"]
[Annotator "TA"]
[PlyCount "89"]
[EventDate "2020.03.06"]
[EventType "team-tourn"]
[EventCountry "CZE"]
[SourceTitle "playchess.com"]
[Source "ChessBase"]
[SourceQuality "1"]

{[%evp 9,89,24,87,74,86,60,104,81,135,112,145,147,148,143,180,160,170,160,180,154,202,185,195,168,179,180,174,169,177,148,158,174,297,301,281,289,281,295,273,296,275,316,316,187,196,101,100,95,93,63,72,-144,71,0,0,0,22,-74,-82,-67,131,145,499,491,531,532,503,413,398,62,62,64,131,120,580,54,93,0,123,55,60,37]} 1. d4 d5 2. Nf3 Nf6 3. c4 c6 4. e3 Nbd7 5. cxd5 Nxd5 (5... cxd5 $11 6. Nc3 e6) 6. e4 $16 {D11: Slav Defence: 3 Nf3 sidelines and 3...Nf6 4 e3 Bg4.} Nc7 7. Nc3 Nf6 8. h3 {White is better.} h6 (8... g6 $142) 9. Bf4 Ne6 10. Be3 Nc7 11. Rc1 e6 12. Bd3 Be7 13. O-O Kf8 14. Ne5 Bd7 15. f4 Be8 16. f5 Kg8 17. fxe6 Nxe6 18. Bc4 Kh7 19. Qd3 b5 20. Bb3 g6 (20... c5 {is a better defense.}) 21. Ne2 $18 c5 22. dxc5 Qxd3 23. Nxd3 Nxe4 24. Bd5 Rd8 25. Bxe4 f5 26. Bxf5 (26. Ndf4 $142 Nxf4 27. Rxf4 fxe4 28. c6) 26... gxf5 27. Ndf4 (27. Ne5 $18) 27... Nxf4 $16 28. Nxf4 {Strongly threatening c6.} Bc6 29. Ne6 Rd3 30. Kf2 $2 ({But not} 30. Rxf5 Rxe3 31. Rf7+ Kg6 $11) (30. Rfe1 $16) 30... Rg8 $2 {[#]} (30... Bh4+ $1 $17 31. Ke2 Rxe3+ 32. Kxe3 Re8 33. Rxf5 Bg5+ 34. Rxg5 hxg5) 31. Nf4 (31. g4 $1 $16 {[%mdl 512]}) 31... Bh4+ $11 32. Ke2 Rd7 33. Rfd1 (33. Rcd1 $11 {remains equal.}) 33... Re7 $17 34. Rd6 Bxg2 $2 {[#]} (34... Rg3 $1 $15 {stays ahead.} 35. Rxc6 Rgxe3+ 36. Kd2 Bg5) 35. c6 $1 $16 Bg3 $2 {[%mdl 8192]} (35... Bf3+ $16 36. Kd2 (36. Kxf3 Rg3+ 37. Kf2 Rgxe3+ 38. Kg2 Rg7+ 39. Rg6 Rc7 $16) 36... Rc7) 36. Rd7 $18 Rxd7 37. cxd7 Bxf4 38. Bxf4 {[%mdl 4096] Endgame KRB-KRB} Rd8 39. Rc7 $2 (39. Rd1 $18) 39... Bd5 $1 $14 40. Rxa7 Bc4+ (40... Be6 $14) 41. Kf2 $16 {b3 is the strong threat.} Kg7 $2 {[%mdl 8192] [#]} (41... Kg6 $16) 42. Be5+ $146 (42. Bc7 $18 Rxd7 43. Be5+ {[%mdl 64] Discovered Attack} Kf7 44. Rxd7+ Ke6 45. b3) ({Predecessor:} 42. Bc7) 42... Kg6 43. Bf4 (43. Ra6+ $16 Kf7 44. Rf6+ (44. Rxh6 Bxa2 45. h4 Rxd7 $16) 44... Ke7 45. Rxh6 Rxd7 46. Rh7+ Ke8 47. Rxd7 Kxd7 48. b3) 43... Kf7 (43... Kg7 $1 $11) 44. Ra6 ({White should play} 44. Bxh6 $16 {Black must now prevent Bg5.} Be6 45. h4) 44... Rxd7 45. Rxh6 {Accuracy: White = 44%, Black = 46%.} 1-0

[Event "WSTCC-50 2020"]
[Site "Prague"]
[Date "2020.03.06"]
[Round "1.15"]
[White "Skibbe, Diana"]
[Black "Flear, Glenn C"]
[Result "0-1"]
[WhiteElo "2008"]
[BlackElo "2420"]
[Annotator "TA"]
[PlyCount "36"]
[EventDate "2020.03.06"]
[EventType "team-tourn"]
[EventCountry "CZE"]
[SourceTitle "playchess.com"]
[Source "ChessBase"]
[SourceQuality "1"]

{[%evp 13,36,-16,0,-33,-42,-108,-113,-102,-114,-122,-100,-81,-82,-201,-206,-437,-437,-649,-660,-670,-630,-609,-616,-618,-624]} 1. e4 e5 2. f4 Bc5 3. Nf3 d6 4. c3 Nf6 5. d4 exd4 6. cxd4 Bb6 7. Nc3 O-O 8. Be2 {C30: King's Gambit Declined.} Nc6 9. O-O (9. e5 $1 $15 dxe5 10. fxe5) 9... Re8 $17 10. Kh1 {Black is better.} Nxe4 11. Nxe4 Rxe4 12. Bd3 {[#]} Re7 $146 ({Predecessor:} 12... Rxd4 13. Nxd4 Bxd4 14. Qe2 Bd7 15. Be3 Qf6 16. Bxd4 Qxd4 {½-½ (16) Gimeno Oteo,M (2142)-Glavina,P (2478) Spain 2010}) 13. Bxh7+ (13. d5 $17 {keeps fighting.} Nb4 14. Bb1) 13... Kxh7 $19 14. Ng5+ $2 {[#]} (14. d5) 14... Kg8 {Black is clearly winning.} 15. Qh5 (15. Qd3 $142 g6 {[#]} 16. f5 $1 {[%mdl 512]} Nxd4 17. fxg6 fxg6 18. Qxg6+ Rg7 19. Qh5) 15... Bf5 16. Bd2 f6 17. Nf3 g6 18. Qh4 Nxd4 0-1

[Event "WSTCC-50 2020"]
[Site "Prague"]
[Date "2020.03.06"]
[Round "1.16"]
[White "McDonald, Neil"]
[Black "Jeske, Kirsten"]
[Result "1-0"]
[WhiteElo "2410"]
[BlackElo "1953"]
[Annotator "TA"]
[PlyCount "59"]
[EventDate "2020.03.06"]
[EventType "team-tourn"]
[EventCountry "CZE"]
[SourceTitle "playchess.com"]
[Source "ChessBase"]
[SourceQuality "1"]

{[%evp 15,59,21,43,42,48,39,51,29,58,54,110,114,127,128,142,124,133,118,110,108,79,0,0,0,10,-62,-67,-72,-56,-119,-114,-182,-180,-182,-8,-15,103,93,92,89,137,138,115,130,29998,29999]} 1. e4 e5 2. Nf3 Nf6 3. Nxe5 d6 4. Nf3 Nxe4 5. Nc3 Nxc3 6. dxc3 Be7 7. Be3 Nc6 8. Qd2 Bg4 9. O-O-O {C42: Petroff Defence: 3 Nxe5 and unusual White 3rd moves.} a6 10. Be2 {[#]} Rb8 $146 ({Predecessor:} 10... Qd7 11. h3 Bh5 12. Kb1 Bg6 13. Rhe1 O-O-O 14. Nd4 Nxd4 15. Qxd4 h5 16. Qxg7 Qf5 {1-0 (50) Sibajeva,M (1996)-Ryder,K (1525) Bratislava 2019}) 11. h4 {White is slightly better.} b5 12. Nd4 Nxd4 (12... Bd7 $14) 13. Bxg4 $16 Nc6 14. f4 Na5 15. b3 O-O {[#]} 16. h5 $1 h6 17. Bf3 c6 18. Qd3 (18. g4 $16) 18... d5 $11 19. Bd4 Qd6 20. Rhe1 ({White should try} 20. Qf5 $1 $11) 20... Qxf4+ $15 21. Kb1 Bf6 22. Be3 (22. Bxf6 $15 Qxf6 23. Qd4) 22... Qc7 23. Rf1 {[#]} (23. Bd4 $17) 23... Nc4 $1 $19 {[%mdl 512]} 24. Bc1 (24. bxc4 bxc4+) 24... Qa5 $2 (24... a5 $19 {Threatening ...Qe7.} 25. Bg4 Qd6) 25. Bxd5 $1 $11 {Black must now prevent Rxf6.} cxd5 (25... Rbd8 $11 26. Qh3 Na3+ 27. Bxa3 Qxa3) 26. Rxf6 $1 $16 gxf6 27. Bxh6 Na3+ {[#]} 28. Kb2 $1 {[%mdl 1536] White wants to mate with Qg3+. White has strong compensation.} Nc4+ {[#]} 29. Ka1 $1 {[%mdl 512] Intending Qg3+ and mate.} Qa3 $2 {[%mdl 8192]} (29... Qc7 $16) 30. Qg3+ {Never resign too early! Accuracy: White = 72%, Black = 66%.} 1-0

[Event "WSTCC-50 2020"]
[Site "Prague"]
[Date "2020.03.06"]
[Round "1.17"]
[White "Ftacnik, Lubomir"]
[Black "Svanda, Pavel"]
[Result "1-0"]
[WhiteElo "2513"]
[BlackElo "2074"]
[Annotator "TA"]
[PlyCount "85"]
[EventDate "2020.03.06"]
[EventType "team-tourn"]
[EventCountry "CZE"]
[SourceTitle "playchess.com"]
[Source "ChessBase"]
[SourceQuality "1"]

{[%evp 20,85,57,37,52,43,53,39,64,26,28,33,60,34,72,23,35,20,58,45,53,43,64,70,54,64,111,122,188,191,197,116,185,175,152,119,113,86,167,139,700,762,731,701,660,301,369,366,560,562,564,564,545,524,708,706,1125,1388,1148,963,29981,29982,29982,29979,29979,29980,29980,29981]} 1. d4 d5 2. c4 dxc4 3. Nf3 Nf6 4. e3 e6 5. Bxc4 c5 6. O-O Nc6 7. Qe2 cxd4 8. exd4 Be7 9. Rd1 O-O 10. Nc3 Nb4 11. Bg5 {was the old line (11.Ne5).} Nbd5 {D26: Queen's Gambit Accepted: 4 e3 e6 5 Bxc5 c5 sidelines.} 12. Ne5 Nxc3 13. bxc3 Nd5 {White is slightly better.} 14. Bxe7 (14. Bd2 {seems wilder.} Qc7 15. Qe4 Bd6 16. Rac1 Bd7 17. Bd3) 14... Qxe7 15. Qf3 f6 16. Ng4 Qd6 {[#]} 17. Rab1 $146 (17. Bb3 {is more complex.} Bd7 18. c4 Nf4 19. Ne3 Kh8 20. Rab1) ({Predecessor:} 17. Bb3 b5 18. a4 bxa4 19. Rxa4 Bd7 20. Ra5 Bc6 21. Rc5 Rac8 22. Qg3 Qxg3 23. hxg3 {½-½ (81) Gottschalk,J (2282)-Hohlfeld,W (2102) Dresden 2016}) 17... Rb8 18. Ne3 {[%cal Re3d5]} Nxe3 ({But not} 18... Nxc3 $2 19. Nf5 $18) 19. Qxe3 b6 20. Bb3 Bd7 21. c4 {[%cal Bc3c4,Bc4c5,Bc5c6][%mdl 32]} Qc7 22. c5 {Hoping for c6.} Rbe8 23. Rbc1 Kh8 {[#]} (23... bxc5 $16 {is a better defense.} 24. dxc5 Kh8) 24. c6 $1 $18 {[%cal Rc6d7][%mdl 512]} Bc8 (24... Bxc6 25. Qc3) 25. Qg3 (25. Re1 $18) 25... e5 (25... Re7 $16 26. Re1 Rd8) 26. Re1 Re7 27. dxe5 fxe5 28. Re3 Rf6 (28... Bf5 $16) 29. Rf3 $40 {[%mdl 128] Black must now prevent Rxf6. Black is in trouble.} Be6 $2 {[%mdl 8192] This costs Black the game.} (29... Bf5 $16) 30. Rxf6 gxf6 {[#]} 31. Qh4 $1 {[%mdl 512]} Kg7 32. Bc2 (32. Bxe6 $142 {White threatens Qg4+ and mate.} Rxe6 33. Qg4+ {[%mdl 64] Double Attack} Kf7 {[#]} 34. Qf5 $1 {[%mdl 512]}) 32... Bg8 33. Be4 Qd6 (33... Qd8 {was called for.} 34. h3 Rc7) 34. Qg4+ Kh8 35. Rd1 Qe6 36. Qf3 {And now Rd8 would win.} Kg7 37. h4 Qc8 38. h5 Qf8 39. Rd6 Be6 {[#]} 40. Rxe6 $1 {[%mdl 576] Decoy. White mates.} Rxe6 41. Qg4+ Kf7 {[#]} 42. Bd5 $1 {[%mdl 576] Pin} Qd6 43. c7 {Accuracy: White = 75%, Black = 39%.} 1-0

[Event "WSTCC-50 2020"]
[Site "Prague"]
[Date "2020.03.06"]
[Round "1.18"]
[White "Miculka, Petr"]
[Black "Stohl, Igor"]
[Result "0-1"]
[WhiteElo "2040"]
[BlackElo "2470"]
[Annotator "TA"]
[PlyCount "64"]
[EventDate "2020.03.06"]
[EventType "team-tourn"]
[EventCountry "CZE"]
[SourceTitle "playchess.com"]
[Source "ChessBase"]
[SourceQuality "1"]

{[%evp 9,64,27,27,27,26,25,28,38,36,33,39,43,39,35,37,0,7,0,0,0,0,-89,-88,-79,-83,-136,-82,-319,-322,-307,-330,-434,-395,-469,-468,-453,-447,-542,-548,-539,-520,-546,-541,-683,-686,-786,-764,-1584,-1556,-29980,-29979,-29991,-29983,-29983,-29984,-29991,-29984]} 1. e4 c5 2. Nf3 d6 3. c3 Nf6 4. h3 Nbd7 5. Bd3 b6 6. O-O {B50: Sicilian: 2...d6, Miscellaneous.} Bb7 7. Re1 Qc7 8. Bc2 {White has an edge.} Rc8 9. Na3 e6 10. d4 cxd4 11. Nb5 Qc5 {[#]} 12. Nfxd4 $146 {Threatens to win with Be3.} ({And not} 12. Nxa7 Ra8 $17) ({Predecessor:} 12. Nbxd4 a6 13. Ng5 h6 14. Ngxe6 fxe6 15. Nxe6 Qc6 16. f4 Be7 17. Qe2 Qc4 18. Nxg7+ {0-1 (51) Paveto,K (2416)-Salinas Herrera,P (2470) Buenos Aires 2018}) 12... a6 13. b4 Qh5 14. Qxh5 Nxh5 15. Na3 (15. Na7 $1 $11 {keeps the balance.} Rc7 16. b5) 15... Rxc3 $17 16. Bb2 Rc8 17. Rad1 {[#]} (17. Rac1 $142) 17... Be7 (17... b5 $142 $1 18. Bb3 Ne5) 18. Nf5 $2 {Loses the game.} (18. b5 $17 {was necessary.}) 18... exf5 $19 19. exf5 {[#]} Ne5 $1 20. f6 (20. Bxe5 dxe5) 20... Nxf6 21. f4 Nc4 22. Nxc4 Rxc4 {[%mdl 64] Double Attack} 23. Rd2 Ne4 24. Rde2 {[%cal Rc2e4]} d5 25. Bxg7 Rg8 26. Be5 Bxb4 27. Rd1 Ng3 28. Re3 Rxc2 29. Bd6+ Ne4 {Black mates.} 30. Bxb4 Rgxg2+ 31. Kh1 f5 32. Rc1 d4 {Accuracy: White = 48%, Black = 92%.} 0-1

[Event "WSTCC-50 2020"]
[Site "Prague"]
[Date "2020.03.06"]
[Round "1.19"]
[White "Motuz, Karol"]
[Black "Tesar, Jan"]
[Result "1-0"]
[WhiteElo "2368"]
[BlackElo "2008"]
[Annotator "TA"]
[PlyCount "107"]
[EventDate "2020.03.06"]
[EventType "team-tourn"]
[EventCountry "CZE"]
[SourceTitle "playchess.com"]
[Source "ChessBase"]
[SourceQuality "1"]

{[%evp 9,107,57,56,61,70,66,60,58,65,64,72,45,82,62,56,43,52,-64,-61,-70,-36,-79,-50,-47,-54,-55,-25,-54,-47,-83,-48,-49,0,-45,0,0,83,87,77,62,144,135,144,106,98,101,99,100,202,184,193,201,194,193,283,248,509,164,176,164,147,133,177,177,167,154,142,126,243,234,375,388,473,478,522,457,447,439,438,431,626,582,895,885,877,522,862,850,1042,1023,1069,1049,1008,1001,969,895,2168,2144,2120,2113]} 1. d4 d5 2. c4 e5 3. dxe5 d4 4. Nf3 Nc6 5. Nbd2 Nge7 6. Nb3 {D08: Albin Counter Gambit.} Nf5 7. e4 $1 {7.e4 is better than 7.a3.} dxe3 $1 8. Qxd8+ {White is slightly better.} Nxd8 9. fxe3 Be7 10. Bd3 O-O 11. O-O Nh4 {[#]} 12. Bd2 $146 ({Predecessor:} 12. Nxh4 Bxh4 13. Nd4 a6 14. b3 Re8 15. Nf3 Be7 16. Bb2 Bg4 17. h3 Bh5 18. g4 {½-½ (39) Velikanov,I (2231)-Reprintsev,A (2374) Kolomna 2018}) 12... Nc6 13. Rad1 ({Better is} 13. Bc3 $1 $14) 13... Nxf3+ $15 14. gxf3 Bh3 15. Rf2 Bh4 16. Bc3 Bxf2+ 17. Kxf2 Rfd8 18. Rd2 a5 19. a3 g6 20. Nc5 Bc8 21. Ne4 Kf8 22. Nf6 h6 (22... Be6 $1 $11) 23. Nd5 $16 {[%mdl 1024] White has strong compensation.} Rd7 24. e4 Nd8 (24... b6 $14) 25. f4 Ne6 26. Ke3 Nc5 27. Bc2 b6 28. b3 Rb8 (28... Bb7 $16) 29. Rg2 $18 c6 30. Nf6 Rd8 31. f5 g5 {[#]} (31... Rb7 $142 32. e6 (32. fxg6 fxg6 33. Rxg6 Rg7 $16) 32... Bxe6 33. fxe6 Nxe6) 32. h4 $1 {[%mdl 512]} gxh4 $2 (32... Ke7 33. e6 a4) 33. Rg8+ $2 (33. Be1) 33... Ke7 34. Rg7 Rh8 35. Kf3 Kf8 36. Rg1 h3 37. Rh1 Ke7 38. Rxh3 Nd7 (38... h5 $16 {might work better.} 39. Nxh5 Ba6) 39. Nh5 {[#] e6 is the strong threat.} Rf8 (39... Ba6 $142 40. e6 fxe6) 40. Nf4 a4 41. b4 {White is clearly winning.} Bb7 42. e6 fxe6 43. Ng6+ Kd6 44. Nxf8 Rxf8 (44... Nxf8 $142 45. Rxh6 Re8) 45. Rxh6 Ne5+ 46. Bxe5+ Kxe5 47. Rxe6+ {[%mdl 4096] Endgame KRB-KRB} Kd4 48. Kf4 Kxc4 49. Bxa4 b5 50. Bd1 Rd8 51. Bh5 Rh8 52. Kg5 Kb3 53. f6 Rg8+ 54. Bg6 {Accuracy: White = 77%, Black = 43%.} 1-0